LDR 00653naa#a2200169#i#450# 001 EN\\bibl\121936 005 20260513191141.3 011 ## _a2658-638X 100 ## _a20260319b2026####ek#y0engy0150####ca 102 ## _aRU 200 1# _aMethodological and theoretical problems of studying the legal consciousness of convicts held in correctional centers _eJournal article 210 1# _aMoscow _cMoscow University of the Ministry of Internal Affairs of Russia named after V.Ya. Kikot _d2026 215 ## _a3 с. 608 ## _aJournal article _2local 675 ## _aФилософия. Психология. 1 _z 700 #1 _aKuleshova _gElizaveta Andreevna 856 4# _amosumvd.editorum.ru _u